Konkurenčná schopnosť Slovenskej republiky na medzinárodnom trhu cestovného ruchu inauguračná prednáška
Na minha lista:
| Autor principal: | |
|---|---|
| Autor Corporativo: | |
| Formato: | Livro |
| Idioma: | eslovaco |
| Publicado em: |
Bratislava
2008
|
| Colecção: | Habilitačné a inauguračné prednášky
|
| Assuntos: | |
| Tags: |
Sem tags, seja o primeiro a adicionar uma tag!
|
MARC
| LEADER | 00000nam$a2200000$$$4500 | ||
|---|---|---|---|
| 001 | 0090534 | ||
| 005 | 20240502072018.9 | ||
| 041 | 0 | |a slo | |
| 044 | |a SK | ||
| 245 | 1 | 0 | |a Konkurenčná schopnosť Slovenskej republiky na medzinárodnom trhu cestovného ruchu |b inauguračná prednáška |c Ľudmila Novacká |
| 264 | 1 | |a Bratislava |c 2008 | |
| 300 | |a [80] s. | ||
| 490 | 1 | |a Habilitačné a inauguračné prednášky | |
| 830 | 0 | |a Habilitačné a inauguračné prednášky | |
| 610 | 2 | 0 | |a ruch cestovný medzinárodný |
| 610 | 2 | 0 | |a konkurencieschopnosť |
| 610 | 2 | 0 | |a Slovensko |
| 100 | 1 | |a Novacká, Ľudmila, 1953- | |
| 710 | 2 | |a Ekonomická univerzita v Bratislave. Obchodná fakulta | |